| 000 -GUIDE |
| Champ de contrôle de longueur fixe |
01035nam a22002417a 4500 |
| 003 - IDENTITÉ DU NUMÉRO DE CONTRÔLE |
| Champ de contrôle |
BI-BuBU |
| 008 - ÉLÉMENTS DE LONGUEUR FIXE - RENSEIGNEMENTS GÉNÉRAUX |
| Champ de contrôle de longueur fixe |
240821b2023 B fr|||| 000 0 fre d |
| 037 ## - SOURCE D'ACQUISITION |
| Source d'acquisition et du numéro d'inventaire |
Don de l'auteur |
| 039 ## - NIVEAU DE CONTRÔLE BIBLIOGRAPHIQUE ET HISTORIQUE D'ENCODAGE [OBSOLETE] |
| Date creation |
20240821103726.0 |
| Nom catalographe |
Augustin Mukezamfura |
| 040 ## - SOURCE DU CATALOGAGE |
| Organisme qui a effectué le catalogage original |
BI-BuBU |
| Code de la langue utilisée dans le catalogage |
fre |
| Organisme qui a effectué la transcription |
BI-BuBU |
| Organisme qui a effectué la modification |
BI-BuBU |
| 041 #0 - CODE DE LANGUE |
| Code de langue du texte/de la piste sonore ou du titre distinct |
fre |
| 080 ## - INDICE DE LA CLASSIFICATION DÉCIMALE UNIVERSELLE (CDU) |
| Indice de la Classification décimale universelle |
336.127. |
| 100 ## - VEDETTE PRINCIPALE - NOM DE PERSONNE |
| Code de relation |
aut. |
| Nom de personne |
Ndikumwenayo, Oscar |
| 245 10 - MENTION DU TITRE |
| Titre |
Analyse des dépenses de consommation des ménages au Burundi |
| Reste du titre |
approche par le modèle de régression quantile |
| Mention de responsabilité, etc. |
Oscar Ndikumwenayo ; Gilbert Niyongabo, directeur |
| 260 ## - PUBLICATION, DIFFUSION, ETC. (ADRESSE BIBLIOGRAPHIQUE) |
| Lieu de publication, diffusion, etc. |
Bujumbura |
| Nom de l'éditeur, diffuseur, etc. |
Université du Burundi : Faculté des Sciences Economiques et de Gestion |
| Date of publication, distribution, etc |
2023 |
| 300 ## - DESCRIPTION MATÉRIELLE |
| Collation |
XIV-108 f. |
| Dimensions |
30 cm |
| 500 ## - NOTE GÉNÉRALE |
| Note générale |
Mémoire présenté et soutenu publiquement en vue de l'obtention du diplôme de master en Analyse Economique et Développement<br/>OPtion : Analyse Economique |
| 650 #7 - VEDETTE-MATIÈRE - NOM COMMUN |
| Source du terme |
BI-BuBU |
| Vedette de sujet ou vedette comportant un nom géographique |
Ménage |
| Subdivision générale |
Dépense |
| -- |
Régression quantile |
| 655 #7 - TERME D'INDEXATION - GENRE OU FORME |
| Source du terme |
BI-BuBU |
| Données ou terme dominant sur le genre ou la forme |
Mémoire |
| 700 1# - VEDETTE SECONDAIRE - NOM DE PERSONNE |
| Code de relation |
dir. |
| Nom d'auteur |
Niyongabo, Gilbert |
| 942 ## - ÉLÉMENTS D'ENTRÉE ADDITIONNELLE (KOHA) |
| Source de la classification ou du système de rangement |
|
| Type d item koha |
Memoire |